00517nam a2200181 a 4500001001300000003000900013005001700022008004100039020002300080082001300103100002600116245005800142260003700200300000900237500003500246650002800281700002600309nice12345678IN_TiNIC20260116014522.0100111s2009 newa grp 000 0 eng  a9788124604724c65000a201bSAR aSaraswati, Baidyanath aVoice of Godb Traditional Thought and Modern Science aNew Delhi bDk Printworld c2009 a288p aincludes index and biblioraphy aPhilosophy and Religion1 aSaraswati, Baidyanath